| 000 | 00803cam a2200241 4500 | ||
|---|---|---|---|
| 001 | M96575 | ||
| 008 | 090401t1998 xxu||||| |||| 00| 0 eng d | ||
| 035 | _a(Sirsi) u91222 | ||
| 041 | _aeng | ||
| 050 | _a333.0062 | ||
| 110 |
_aRoyal Institution of Chartered Surveyors _94900 |
||
| 245 | 4 | _aThe world around the RICS. | |
| 260 |
_aLondon _bRICS _c1998 |
||
| 300 | _a(20)p. ; 30cm. | ||
| 350 | _a0 | ||
| 520 | _aSummarises some of the likely future global and national trends and external influences which the task forces should take into account as part of the Agenda for Change Process. | ||
| 650 | _aAGENDA FOR CHANGE | ||
| 650 | _aFUTURE OF THE PROFESSION | ||
| 650 | _aTASK FORCES | ||
| 690 | _aMANAGEMENT-BUSINESS MANAGEMENT-PROFESSIONAL PRACTICE | ||
| 942 | _n0 | ||
| 948 | _c11/02/1999 | ||
| 999 |
_c97623 _d97623 |
||